LEADER 00645nam0-22002411i-450- 001 990002653820403321 035 $a000265382 035 $aFED01000265382 035 $a(Aleph)000265382FED01 035 $a000265382 100 $a20000920d1961----km-y0itay50------ba 101 0 $aENG 200 1 $a<>organization from within$fby Sofer 210 $aLondra$cTavistock Publications$d1961 700 1$aSofer,$bCyril$0125963 801 0$aIT$bUNINA$gRICA$2UNIMARC 901 $aBK 912 $a990002653820403321 952 $a1-7-93-TI$b827$fECA 959 $aECA 996 $aOrganization from within$9430498 997 $aUNINA DB $aING01 LEADER 00938cam0-22003491i-450- 001 990003088730403321 005 20040712094737.0 010 $a88-420-3681-1 035 $a000308873 035 $aFED01000308873 035 $a(Aleph)000308873FED01 035 $a000308873 100 $a20030910d1990----km-y0itay50------ba 101 0 $aita 102 $aIT 200 1 $a<>grandi famiglie del capitalismo italiano$fStefano Cingolani 210 $aRoma$cLaterza$d1990 215 $a298 p.$d21 cm 225 1 $aStoria e società 676 $aH/2.124 676 $aH/2.14 676 $aN/0.1 676 $a330.12 700 1$aCingolani,$bStefano$f<1949- >$0113062 801 0$aIT$bUNINA$gRICA$2UNIMARC 901 $aBK 912 $a990003088730403321 952 $aN/0.1 CIN$b12695$fSES 952 $aXI A 2672$b40730$fFSPBC 959 $aSES 996 $aGrandi famiglie del capitalismo italiano$9444614 997 $aUNINA